|
|
|
|
| LEADER |
00000nam0a2200000 4500 |
| 001 |
145468 |
| 005 |
20231101221147.0 |
| 010 |
|
|
|a 5217007923
|
| 020 |
|
|
|a RU
|b 91-11934
|
| 035 |
|
|
|a (RuTPU)RU\TPU\book\157674
|
| 090 |
|
|
|a 145468
|
| 100 |
|
|
|a 20081017d1990 m y0rusy5003 ca
|
| 101 |
0 |
|
|a rus
|
| 102 |
|
|
|a RU
|
| 105 |
|
|
|a a j 001zy
|
| 200 |
1 |
|
|a Применение программируемых микрокалькуляторов в расчетах на прочность
|e учебное пособие
|f А. М. Чапка
|g Всесоюзное научное инженерно-техническое общество машиностроителей, Центральное правление ; Университет технического прогресса в машиностроении
|
| 210 |
|
|
|a Москва
|c Машиностроение
|d 1990
|
| 215 |
|
|
|a 69 с.
|c ил.
|
| 320 |
|
|
|a Библиогр.: с. 69-70 (8 назв.)
|
| 610 |
1 |
|
|a микрокалькуляторы
|
| 610 |
1 |
|
|a расчеты на прочность
|
| 610 |
1 |
|
|a применение
|
| 610 |
1 |
|
|a системы с одной степенью свободы
|
| 610 |
1 |
|
|a системы с двумя степенями свободы
|
| 610 |
1 |
|
|a колебания
|
| 610 |
1 |
|
|a брус
|
| 610 |
1 |
|
|a стержни
|
| 675 |
|
|
|a 681.321(075)
|z rus
|
| 700 |
|
1 |
|a Чапка
|b А. М.
|g Анатолий Марианович
|4 070
|
| 712 |
0 |
2 |
|a Всесоюзное научное инженерно-техническое общество машиностроителей
|b Центральное правление
|2 stltpush
|3 (RuTPU)RU\TPU\col\8521
|
| 712 |
0 |
2 |
|a Университет технического прогресса в машиностроении
|2 stltpush
|3 (RuTPU)RU\TPU\col\8721
|9 24571
|
| 801 |
|
0 |
|a RU
|b RuMRKP
|c 19950417
|g psbo
|
| 801 |
|
1 |
|a RU
|b 63413507
|c 20081017
|g PSBO
|
| 801 |
|
2 |
|a RU
|b 63413507
|c 20090507
|g PSBO
|
| 942 |
|
|
|c BK
|